000
00328nam a22001457a 4500
003
SGT
082
_a
150
_b
P14A
100
_a
ANITHIKAD, JACOB
245
_a
PSYCHOLOGY & SOCIOLOGY FOR GNM & BPT STUDENTS
250
_a
3RD
260
_a
INDIA
_b
JAYPEE
_c
2014
300
_a
262
650
_a
PSYCHOLOGY
942
_2
ddc
_c
BK
_0
70
999
_c
10854
_d
10854